ბათუმის შოთა რუსთაველის სახელმწიფო უნივერსიტეტის ბიბლიოთეკა

ინდივიდუალური სამართლებრივი სიკეთის ხელყოფის კვალიფიკაციის სისხლისსამართლებრივი, საერთო და სპეციალური მაკვალიფიცირებელი და სუბსუმციის ნიშნების საკანონმდებლო და სასჯელის შეფარდებასთან დაკავშირებული ზოგიერთი პრობლემა : (ბიბ.ჩანაწერი № 64105)

000 -ლიდერი
ფიქსირებული სიგრძის საკონტროლო ველი 01707nam a22002177a 4500
003 - საკონტროლო ნომრის იდენტიფიკატორი
საკონტროლო ველი Ge_BSU
005 - ბოლო ოპერაციის თარიღი და დრო
საკონტროლო ველი 20260407171422.0
008 - ფიქსირებული სიგრძის მონაცემთა ელემენტები - ზოგადი ინფორმაცია
ფიქსირებული სიგრძის საკონტროლო ველი 260407s2022 ge ||||| |||| 00| 0 geo d
020 ## - წიგნის საერთაშორისო სტანდარტული ნომერი
International Standard Book Number 9789941087875
041 ## - ენის კოდი
Language code of text/sound track or separate title geo
080 ## - უნივერსალური ათობითი კლასიფიკაციის ინდექსი
Universal Decimal Classification number 343.22(479.22)(072)(075.8) დ-24
100 ## - მთავარი ჩანაწერი - პიროვნების სახელი
Personal name დაუთაშვილი, პეტრე
9 (RLIN) 7857
245 ## - ცნობა სათაურის შესახებ
Title ინდივიდუალური სამართლებრივი სიკეთის ხელყოფის კვალიფიკაციის სისხლისსამართლებრივი, საერთო და სპეციალური მაკვალიფიცირებელი და სუბსუმციის ნიშნების საკანონმდებლო და სასჯელის შეფარდებასთან დაკავშირებული ზოგიერთი პრობლემა :
Remainder of title დამხმარე სასწავლო-მეთოდური და პრაქტიკული სახელმძღვანელო /
Statement of responsibility, etc პეტრე დაუთაშვილი; რედაქტორი ეკა ბესელია; სოხუმის სახელმწ. უნ-ტი.
250 ## - გამოცემის ცნობა
Edition statement მეორე გამოცემა
264 ## - წარმოების, გამოცემის, დისტრიბუციის და სხვა ცნობები
გამოცემის, წარმოების, დისტრიბუციის... ადგილი თბილისი,
გამოცემის, წარმოების, დისტრიბუციის... სახელწოდება
გამოცემის, წარმოების, დისტრიბუციის... თარიღი 2022.
300 ## - ფიზიკური აღწერა
Extent 236 გვ. ;
Other physical details 20 სმ.
653 ## - INDEX TERM--UNCONTROLLED
Uncontrolled term დანაშაულის კვალდაკვალ
700 ## - ADDED ENTRY--PERSONAL NAME
Personal name ბესელია, ეკა
Relator term რედაქტორი
9 (RLIN) 5909
710 ## - ADDED ENTRY--CORPORATE NAME
Corporate name or jurisdiction name as entry element სოხუმის სახელმწ. უნ-ტი
9 (RLIN) 27263
942 ## - ADDED ENTRY ELEMENTS (KOHA)
Source of classification or shelving scheme
Koha item type წიგნი
ეგზემპლარები
ჩამოწერის სტატუსი დაკარგული ეგზემპლარის სტატუსი კლასიფიკაციის წყარო ან თაროზე გაწყობის სქემა დაზიანების სტატუსი არ გაიცემა მუდმივი მდებარეობა (დაცვის ადგილი) ამჟამინდელი ადგილსამყოფელი თაროზე განთავსების ადგილი შეძენის თარიღი ღირებულება, შესყიდვის ნორმალური ფასი სრული შენახვის შიფრი შტრიხკოდი ბოლო ოპერაციის თარიღი ეგზემპლარის მიმდევრობითი ნომერი (კეტერი?) Uniform Resource Identifier ფასის ძალაში შესვლის თარიღი ეგზემპლარის სახეობა საჯარო შენიშვნა
          ბათუმის შოთა რუსთაველის სახელმწიფო უნივერსიტეტის მთავარი ბიბლიოთეკა ბათუმის შოთა რუსთაველის სახელმწიფო უნივერსიტეტის მთავარი ბიბლიოთეკა წიგნსაცავი 2026-04-07 5.00 343.22(479.22)(072)(075.8) დ-24 74246 2026-04-07 74246 ნაჩუქარი 2026-04-07 წიგნი 5 ლ.